Das Bild der Böhmen und Mährer in den spätmittelalterlichen österreichischen Klosterannalen

Titel: Das Bild der Böhmen und Mährer in den spätmittelalterlichen österreichischen Klosterannalen
Verfasser:
In: Kontakte und Konflikte, (1993), Seite 89-95
alle Artikel anzeigen
Veröffentlicht: 1993
Format: Aufsatz
Sprache: Deutsch
Kein Bild verfügbar
X
alg: 39222258
001A    $01999:11-11-16 
001B    $01999:29-03-21 $t21:48:46.000 
001D    $01999:11-11-16 
001U    $0utf8 
001X    $00 
002@    $0Aox 
003@    $0392222582 
007A    $0392222582 $aHEB 
007T    $0Herdc0042766m 
010@    $ager 
011@    $a1993 
021A    $aDas @Bild der Böhmen und Mährer in den spätmittelalterlichen österreichischen Klosterannalen 
028A    $aLoinig $dElisabeth 
031A    $h89-95 $j1993 
039B    $aIn $8--Aauc--. @Kontakte und Konflikte. - Horn {[u.a.] : Waldviertler Heimatbund, 1993. - 553 S.. - Ill., graph. Darst., Kt.. - ISBN 3-900708-10-X $x199300000000000911 $9027138232 
045F    $a907.2094371 $eDDC23BSB 
045F/01 $a907.2 
045F/03 $g4371 

lok: 39222258 78

exp: 39222258 78 1 #EPN
201B/01 $026-11-17 $t01:02:18.000 
201U/01 $0utf8 
203@/01 $0788318845 
208@/01 $a11-11-16 $be 
209A/01 $a/ $f000 $x00 
220C/01 $aTitelaufnehmer: nk;an 
220C/01 $aHerkunft: HI Marburg 
244Z/01 $#Tschechien $#Tschechische Republik $#Tschechische Republik $#Tschechenland $#Tschechei Tschechien $#Česká Republika $#Czech Republic $#ČR $74303381-7 $8--Tg1--Tschechien $x01 $9086659812 
244Z/01 $2Trx $#Böhmen $#Bohemia $#Czechy $8--Trx--Čechy $x02 $9391188941 
244Z/01 $aGeschichte 1123-1406 $x03 
244Z/01 $2Trx $#annaalistika $#analistika $#Study of annals $#évkönyvírás $#annalistyka $#analistika $#analistika $8--Trx--Annalistik $x04 $9391355473 
244Z/01 $2Trx $#historiograafia, Austria $#Austrijos istoriografija $#Historiography, Austrian $#történettudomány, osztrák $#historiografia austriacka $#historiografia rakúska $#historiografie rakouská $8--Trx--Historiographie, österreichische $x05 $9391374680 
244Z/01 $2Trx $#käsikirjad $#rankraščiai $#Manuscripts $#kéziratok $#rękopisy $#rukopisy $#rukopisy $8--Trx--Handschriften $x06 $9391380524 
244Z/01 $2Trx $#hertsogid Böömimaa $#Čekijos hercogai $#dukes Bohemia $#hercegek Bohémia $#książęta Czechy $#vojvodovia českí $#vévodové čeští $8--Trx--Herzöge$gBöhmen $x07 $9391355945 
244Z/01 $2Trx $8--Trx--Einzelbeiträge $x08 $9391384570 
245Z/01 $a04.03 $x01 
247C/01 $82080>Marburg/Lahn, Herder-Institut, Forschungsbibliothek, Bibliographieportal $9336309341
LEADER 00000caa a22000002c 4500
001 392222582
003 DE-603
005 20210329214846.0
007 tu
008 161111s1993 xx |||| | u00||u|ger c
035 |a (DE-599)HEB392222582 
040 |a DE-603  |b ger  |c DE-603  |d DE-603 
041 |a ger 
082 0 4 |8 1\u  |a 907.2094371  |q DE-101  |2 23/BSB 
085 |8 1\u  |b 907.2 
085 |8 1\u  |z 2  |s 4371 
100 1 |a Loinig, Elisabeth 
245 0 0 |a ˜Dasœ Bild der Böhmen und Mährer in den spätmittelalterlichen österreichischen Klosterannalen 
264 0 |c 1993 
773 0 8 |i In  |t Kontakte und Konflikte  |d Horn ˜[u.a.] œ: Waldviertler Heimatbund, 1993  |h 553 S., Ill., graph. Darst., Kt.  |z 390070810X  |g (1993), Seite 89-95  |w (DE-603)027138232 
924 0 |9 2080  |a (DE-603)788318845  |b DE-2080  |c HES  |d d  |g /